00417nam a2200133Ia 4500008004100000100002200041245008300063260000900146300001300155504001200168650001800180650003400198773005100232181130s2018 xx 000 0 und d aPramanik, Suvamoy aRole of government in controlling air pollution ba case study of NCR of Delhi c2018 ap.84-89. dJan-Jun aAir pollution aAir pollution - India - Delhi aSouth Asian Journal of Socio-Political Studies